[Event "Mittelrhein Regionalliga 18/19"]
[Site "Nordrheinwestfalen"]
[Date "2018.10.28"]
[Round "3.2"]
[White "Coenen, Norbert"]
[Black "Schiffer, Stefan"]
[Result "1-0"]
[WhiteElo "2232"]
[BlackElo "2241"]
[PlyCount "75"]
[EventDate "2018.10.28"]
[EventType "team-tourn"]
[EventRounds "11"]
[EventCountry "GER"]
[SourceTitle "EXT 2022"]
[Source "ChessBase"]
[SourceDate "2021.10.06"]
[SourceVersion "1"]
[SourceVersionDate "2021.10.06"]
[SourceQuality "1"]
[WhiteTeam "Aachen SV II"]
[BlackTeam "Bruehl"]
[WhiteTeamCountry "GER"]
[BlackTeamCountry "GER"]

1. e4 e6 2. d4 d5 3. Nd2 Nf6 4. e5 Nfd7 5. Bd3 c5 6. c3 Nc6 7. Ne2 Qb6 8. Nf3 f6 9. exf6 Nxf6 10. 0-0 Bd6 11. dxc5 Bxc5 12. b4 Bxf2+ 13. Rxf2 Ng4 14. Qe1 0-0 15. Nf4 Qxf2+ 16. Qxf2 Nxf2 17. Kxf2 g5 18. Nxg5 e5 19. Nxh7 Rf7 20. Ng5 Rf8 21. Nh7 Rf7 22. Bg6 Rg7 23. Nf6+ Kh8 24. N6h5 exf4 25. Nxg7 Kxg7 26. Bc2 d4 27. b5 d3 28. Bxd3 Ne5 29. Be4 Ng6 30. c4 Be6 31. c5 Rc8 32. c6 bxc6 33. bxc6 Ne7 34. Bxf4 Nxc6 35. Rc1 Rf8 36. Rxc6 Rxf4+ 37. Ke3 Rf6 38. Rc7+ 1-0

[Event "Innsbruck op-A 2nd"]
[Site "Innsbruck"]
[Date "2018.08.26"]
[Round "3"]
[White "Drazic, Sinisa"]
[Black "Schiffer, Stefan"]
[Result "1-0"]
[WhiteElo "2401"]
[BlackElo "2249"]
[PlyCount "111"]
[EventDate "2018.08.24"]
[EventType "swiss"]
[EventRounds "9"]
[EventCountry "AUT"]
[SourceTitle "CBM 186 Extra"]
[Source "ChessBase"]
[SourceDate "2018.08.24"]
[SourceVersion "1"]
[SourceVersionDate "2018.08.24"]
[SourceQuality "1"]

1. e4 c5 2. Nf3 Nc6 3. Bb5 g6 4. 0-0 Bg7 5. Re1 Qc7 6. c3 a6 7. Bxc6 dxc6 8. h3 e5 9. d3 Nf6 10. Be3 b6 11. Nbd2 0-0 12. b4 cxb4 13. cxb4 a5 14. Nc4 axb4 15. Bxb6 Qe7 16. Ncxe5 Ra6 17. Bd4 Rd8 18. Bb2 Be6 19. Qc1 Qb7 20. a3 bxa3 21. Rxa3 Rxa3 22. Bxa3 Ra8 23. Bc5 Nd7 24. Nxd7 Qxd7 25. d4 h6 26. Qe3 Kh7 27. Ne5 Bxe5 28. dxe5 Ra2 29. Rb1 Qd2 30. Qxd2 Rxd2 31. Rb8 Rd7 32. Bd6 g5 33. Rb6 Ra7 34. Rxc6 Ra4 35. f3 h5 36. Rb6 Rc4 37. Be7 g4 38. hxg4 hxg4 39. Kf2 gxf3 40. gxf3 Rc7 41. Bf6 Kg6 42. Kg3 Rc1 43. Rb8 Rc8 44. Rb1 Rc4 45. Rg1 Kh5 46. Kf4 Rc3 47. Bg7 Rb3 48. Rh1+ Kg6 49. Bf8 f5 50. Rh6+ Kf7 51. Rf6+ Kg8 52. Rxe6 fxe4 53. Bd6 exf3 54. Kg3 Kf7 55. Rf6+ Ke8 56. e6 1-0

[Event "Innsbruck op-A 2nd"]
[Site "Innsbruck"]
[Date "2018.08.24"]
[Round "1"]
[White "Gratze, Michael"]
[Black "Schiffer, Stefan"]
[Result "0-1"]
[WhiteElo "1923"]
[BlackElo "2249"]
[PlyCount "102"]
[EventDate "2018.08.24"]
[EventType "swiss"]
[EventRounds "9"]
[EventCountry "AUT"]
[SourceTitle "CBM 186 Extra"]
[Source "ChessBase"]
[SourceDate "2018.08.24"]
[SourceVersion "1"]
[SourceVersionDate "2018.08.24"]
[SourceQuality "1"]

1. e4 c5 2. Nf3 g6 3. d4 cxd4 4. Nxd4 Nc6 5. c4 Nf6 6. Nc3 d6 7. b3 Nxd4 8. Qxd4 Bg7 9. Bb2 0-0 10. Qd2 Qa5 11. f3 Bd7 12. Nd5 Qxd2+ 13. Kxd2 Nxe4+ 14. fxe4 Bxb2 15. Nxe7+ Kg7 16. Rb1 Be5 17. Bd3 Rae8 18. Nd5 Bc6 19. Rbf1 a5 20. g4 f6 21. h4 a4 22. b4 Rc8 23. Nb6 Rcd8 24. b5 Bd7 25. g5 Be6 26. Nd5 fxg5 27. hxg5 Bxd5 28. cxd5 Bf4+ 29. Ke2 Bxg5 30. Rxf8 Rxf8 31. Bc2 a3 32. Rh3 Rc8 33. Kd1 Rc5 34. Rxa3 Rxb5 35. Rb3 Rxb3 36. axb3 Kf6 37. Ke2 Ke5 38. Kf3 Bd2 39. Bd3 h5 40. Bb5 g5 41. Be8 g4+ 42. Ke2 h4 43. Bh5 Kf4 44. e5 dxe5 45. Kxd2 h3 46. d6 h2 47. d7 h1Q 48. d8Q Qxh5 49. Qf6+ Qf5 50. Qb6 Qe4 51. Qf6+ Kg3 0-1

[Event "Maastricht Limburg op 12th"]
[Site "Maastricht"]
[Date "2018.05.18"]
[Round "1"]
[White "Schiffer, Stefan"]
[Black "Beukema, Stefan"]
[Result "1/2-1/2"]
[WhiteElo "2238"]
[BlackElo "2414"]
[PlyCount "79"]
[EventDate "2018.05.18"]
[EventType "swiss"]
[EventRounds "7"]
[EventCountry "NED"]
[SourceTitle "CBM 184 Extra"]
[Source "ChessBase"]
[SourceDate "2018.06.28"]
[SourceVersion "1"]
[SourceVersionDate "2018.06.28"]
[SourceQuality "1"]

1. e4 e5 2. Nf3 Nc6 3. Bb5 a6 4. Ba4 Nf6 5. 0-0 Be7 6. Re1 b5 7. Bb3 d6 8. c3 0-0 9. h3 Na5 10. Bc2 c5 11. d4 Qc7 12. Nbd2 cxd4 13. cxd4 Nc6 14. Nb3 a5 15. Be3 a4 16. Nbd2 Bd7 17. a3 Rfe8 18. Rc1 Qb7 19. Nf1 h6 20. Ng3 Bf8 21. Bb1 b4 22. d5 Na5 23. Nh4 g6 24. Bd3 bxa3 25. bxa3 Qb2 26. Qf3 Nh7 27. Rc7 Re7 28. Rb1 Qa2 29. Qe2 Qxe2 30. Nxe2 Ng5 31. Rb4 Be8 32. Rc2 Nb3 33. Rb6 Rea7 34. Nc3 Rc7 35. Nb5 Rxc2 36. Bxc2 Rc8 37. Bd3 Bxb5 38. Bxb5 Nxe4 39. Bxa4 Nbd2 40. Bc6 1/2-1/2

[Event "NRW Class1 1718"]
[Site "Germany"]
[Date "2018.04.29"]
[Round "9.2"]
[White "Eckardt, Joshua"]
[Black "Schiffer, Stefan"]
[Result "0-1"]
[WhiteElo "2218"]
[BlackElo "2229"]
[PlyCount "66"]
[EventDate "2017.09.17"]
[EventType "team-tourn"]
[EventRounds "9"]
[EventCountry "GER"]
[SourceTitle "EXT 2019"]
[Source "ChessBase"]
[SourceDate "2018.10.10"]
[SourceVersion "1"]
[SourceVersionDate "2018.10.10"]
[SourceQuality "1"]
[WhiteTeam "Iserlohn Koenigsspringer"]
[BlackTeam "Bruehl"]
[WhiteTeamCountry "GER"]
[BlackTeamCountry "GER"]

1. d4 d5 2. c4 c6 3. Nf3 Nf6 4. Nc3 e6 5. g3 dxc4 6. Bg2 Nbd7 7. 0-0 b5 8. e4 Bb7 9. e5 Nd5 10. Ng5 h6 11. Nxe6 fxe6 12. Qh5+ Ke7 13. Bg5+ hxg5 14. Qxh8 Nxc3 15. bxc3 Nb6 16. Qh5 Nd5 17. Qxg5+ Kd7 18. Qd2 c5 19. a4 a6 20. Rfb1 Qb6 21. axb5 axb5 22. Rxa8 Bxa8 23. dxc5 Bxc5 24. Rb2 Bc6 25. Rc2 Qa5 26. h4 Qc7 27. Qg5 Kc8 28. Kh2 Qf7 29. Qd2 Qf5 30. Qe2 Kc7 31. Bh3 Qf7 32. Qg4 Nxc3 33. f4 Qd7 0-1